000 00490nam a2200193Ia 4500
003 GCL
008 140319s9999 xx 000 0 eng d
040 _aGCL /
_cGCL
082 0 4 _a843
_bS T
100 1 _aSTENBECK, JOHN
245 1 0 _aTENDRE JEUDI: SWEET THURSDAY /
_cSTENBECK, JOHN
700 1 _aBOONARDOT, I.C.
260 _a[S.N] :
_bEDITIONS MONDIALES ،
_c1956
300 _a256 P
650 0 4 _aLITERATURE
650 0 4 _aFICTION
650 0 4 _aFRENCH LITERATURE
942 _2ddc
_cBK
999 _c24699
_d24699